Capitales de l'Amérique - Statistiques

Statistiques générales
  • Ce quiz a été pris 14 239 fois
    14 224 depuis la dernière actualisation
  • Le résultat moyen est 24 sur 35
Statistiques - réponses
Pays Capitales % Correct
Brésil Brasilia
95%
Argentine Buenos Aires
95%
États-Unis Washington
95%
Mexique Mexico
94%
Canada Ottawa
93%
Pérou Lima
88%
Colombie Bogota
86%
Bolivie La Paz ou Sucre
85%
Panama Panama
85%
Chili Santiago
85%
Cuba La Havane
84%
Uruguay Montevideo
82%
Equateur Quito
79%
Venezuela Caracas
77%
Guatemala Guatemala
76%
Jamaïque Kingston
73%
Salvador San Salvador
71%
Haïti Port-au-Prince
70%
Paraguay Asuncion
67%
Costa Rica San José
66%
République Dominicaine Saint-Domingue
64%
Guyana Georgetown
62%
Bahamas Nassau
58%
Nicaragua Managua
57%
Saint-Vincent-et-les-Grenadines Kingstown
54%
Honduras Tegucigalpa
53%
Belize Belmopan
52%
Suriname Paramaribo
52%
Trinité-et-Tobago Port-d'Espagne
50%
Dominique Roseau
47%
Antigua-et-Barbuda Saint John's
47%
Barbade Bridgetown
44%
Grenade Saint George's
43%
Saint-Christophe-et-Niévès Basseterre
42%
Sainte-Lucie Castries
41%
Aucun quiz correspondant
Distribution des résultats
% des personnes avec chaque résultat
Percentile par nombre de réponses
Votre historique - résultats
Vous n’avez pas pris ce quiz depuis la dernière actualisation